[Event "Rated Blitz game"]
[Site "?"]
[Date "2021.11.26"]
[Round "?"]
[White "DJaeggi"]
[Black "Annali-annaliew1979"]
[Result "1-0"]
[WhiteElo "2622"]
[BlackElo "2453"]
[PlyCount "67"]
[EventDate "2021.??.??"]
[EventType "blitz"]

1. e4 e5 2. Nf3 d5 3. exd5 e4 4. Qe2 f5 5. d3 Nf6 6. Nbd2 Be7 7. dxe4 fxe4 8.
Nxe4 Nxe4 9. Qxe4 O-O 10. Be3 Bd6 11. Bd3 Bf5 12. Qd4 Bxd3 13. Qxd3 Nd7 14.
O-O-O Ne5 15. Nxe5 Bxe5 16. g3 Qf6 17. c3 Rad8 18. f4 Bd6 19. Bd4 Qf7 20. Be5
a6 21. Rhe1 b5 22. Bxd6 cxd6 23. Re6 b4 24. c4 Qc7 25. Kb1 a5 26. Rde1 a4 27.
Qd4 Rd7 28. Re8 Rdf7 29. Rxf8+ Rxf8 30. Re6 b3 31. a3 Qa5 32. Kc1 Rc8 33. Re7
Rxc4+ 34. Qxc4 {Normal} 1-0

[Event "Rated Blitz game"]
[Site "?"]
[Date "2021.11.26"]
[Round "?"]
[White "yykaakoo"]
[Black "Moskvin_Tolik"]
[Result "1-0"]
[WhiteElo "2531"]
[BlackElo "2500"]
[PlyCount "39"]
[EventDate "2021.??.??"]
[EventType "blitz"]

1. e4 e5 2. Nf3 d5 3. Nxe5 dxe4 4. Bc4 Qd4 5. Bxf7+ Kd8 6. Bxg8 Qxe5 7. Bc4 Bc5
8. Qe2 Nc6 9. c3 Qf5 10. b4 Bb6 11. a4 Ne5 12. a5 Nd3+ 13. Kd1 Nxf2+ 14. Kc2
Nxh1 15. axb6 Nf2 16. Ra5 Qf6 17. Rd5+ Ke8 18. bxc7 Bf5 19. Qxf2 e3+ 20. Qxf5 {
Normal} 1-0

[Event "Rated Blitz game"]
[Site "?"]
[Date "2021.11.26"]
[Round "?"]
[White "laurens97"]
[Black "mirekkk14"]
[Result "1-0"]
[WhiteElo "2520"]
[BlackElo "2406"]
[PlyCount "55"]
[EventDate "2021.??.??"]
[EventType "blitz"]

1. e4 e5 2. Nf3 d5 3. exd5 e4 4. Qe2 Nf6 5. Nc3 Be7 6. Nd4 O-O 7. g3 Re8 8. Bg2
Bc5 9. Nb3 Bb6 10. O-O Bg4 11. Qb5 Bf3 12. d3 Bxg2 13. Kxg2 a6 14. Qc4 e3 15.
Bxe3 Bxe3 16. fxe3 Rxe3 17. Rae1 Rxe1 18. Rxe1 Nbd7 19. Qf4 Nb6 20. Qf3 Nfxd5
21. Nxd5 Qxd5 22. Re7 Qxf3+ 23. Kxf3 Rc8 24. Nc5 Kf8 25. Re4 Rb8 26. a4 a5 27.
b4 Rd8 28. Nxb7 {Normal} 1-0

[Event "Rated Blitz game"]
[Site "?"]
[Date "2021.11.26"]
[Round "?"]
[White "gmdakajustine"]
[Black "GrandeGila"]
[Result "1-0"]
[WhiteElo "2489"]
[BlackElo "2526"]
[PlyCount "69"]
[EventDate "2021.??.??"]
[EventType "blitz"]

1. e4 e5 2. Nf3 d5 3. exd5 e4 4. Qe2 Nf6 5. Nc3 Be7 6. Nxe4 Nxd5 7. d4 O-O 8.
Bd2 Re8 9. O-O-O Nc6 10. Qd3 Bb4 11. Nc3 Nb6 12. d5 Ne7 13. Ng5 Bf5 14. Qf3 h6
15. Nh3 Qd7 16. Bb5 c6 17. dxc6 bxc6 18. Bxh6 Qe6 19. Bxg7 cxb5 20. Bd4 Bg4 21.
Qg3 Ng6 22. Nf4 Nxf4 23. Qxf4 Bxd1 24. Rxd1 Rad8 25. Qh4 f6 26. Bxf6 Rxd1+ 27.
Nxd1 Kf7 28. Bd4 Qe4 29. Qh5+ Ke6 30. Qxe8+ Kd5 31. Qd8+ Kc6 32. Ne3 Be7 33.
Qh8 Nc4 34. Qa8+ Kd6 35. Qxe4 {Normal} 1-0

[Event "Rated Blitz game"]
[Site "?"]
[Date "2021.11.26"]
[Round "?"]
[White "TheSmart"]
[Black "Sdjordje12345_s"]
[Result "0-1"]
[WhiteElo "2308"]
[BlackElo "2402"]
[PlyCount "28"]
[EventDate "2021.??.??"]
[EventType "blitz"]

1. e4 e5 2. Nf3 d5 3. Nxe5 Qe7 4. d4 f6 5. Nf3 dxe4 6. Nfd2 Nc6 7. c3 Bd7 8.
Bc4 O-O-O 9. Na3 f5 10. O-O Qh4 11. f3 Bd6 12. fxe4 Bxh2+ 13. Kh1 Bg3+ 14. Kg1
Qh2# {Normal} 0-1

[Event "Rated Blitz game"]
[Site "?"]
[Date "2021.11.26"]
[Round "?"]
[White "Lixie1903"]
[Black "Annali-annaliew1979"]
[Result "1-0"]
[WhiteElo "2588"]
[BlackElo "2466"]
[PlyCount "89"]
[EventDate "2021.??.??"]
[EventType "blitz"]

1. e4 e5 2. Nf3 d5 3. exd5 e4 4. Qe2 f5 5. d3 Nf6 6. dxe4 fxe4 7. Nc3 Be7 8.
Nxe4 Nxe4 9. Qxe4 O-O 10. Be3 Bd6 11. O-O-O Bf5 12. Qd4 Nd7 13. Bd3 Bc5 14. Qa4
Bxe3+ 15. fxe3 Nc5 16. Qc4 Nxd3+ 17. cxd3 Kh8 18. Rhf1 b5 19. Qd4 Rc8 20. e4
Bg6 21. Ne5 Bh5 22. g4 Bg6 23. Nxg6+ hxg6 24. Kb1 Qh4 25. Qe5 Qh3 26. Rxf8+
Rxf8 27. Qxc7 Qf3 28. Qc2 Qxg4 29. d6 Rc8 30. Qb3 b4 31. e5 a5 32. e6 Qd4 33.
d7 Rg8 34. Qc4 Qf6 35. Qg4 Rd8 36. d4 a4 37. d5 b3 38. a3 Qf2 39. Rc1 Qf6 40.
d6 Kg8 41. e7 Rf8 42. exf8=Q+ Qxf8 43. Rc8 Kh7 44. Rxf8 g5 45. Qh5# {Normal}
1-0

[Event "Rated Blitz game"]
[Site "?"]
[Date "2021.11.26"]
[Round "?"]
[White "khrapov111"]
[Black "Paretsky_Mikhail"]
[Result "1/2-1/2"]
[WhiteElo "2381"]
[BlackElo "2506"]
[PlyCount "96"]
[EventDate "2021.??.??"]
[EventType "blitz"]

1. e4 e5 2. Nf3 d5 3. Nxe5 Bd6 4. d4 dxe4 5. Bc4 Bxe5 6. dxe5 Qxd1+ 7. Kxd1 Nc6
8. Bf4 Bg4+ 9. Kc1 O-O-O 10. Nc3 Nge7 11. Bxf7 Rhf8 12. e6 Nd4 13. Be3 Nxe6 14.
Bxe6+ Bxe6 15. Nxe4 Bd5 16. Ng3 Bxg2 17. Rg1 Bf3 18. b3 g6 19. Kb2 Nf5 20. Nxf5
Rxf5 21. Rae1 b6 22. Bg5 Rdd5 23. h4 Bh5 24. f4 Rd2 25. Rg3 Rc5 26. Rc3 Rxc3
27. Kxc3 Rd7 28. Re8+ Kb7 29. Re7 Rxe7 30. Bxe7 c5 31. Bg5 Kc6 32. a4 Kd5 33.
b4 cxb4+ 34. Kxb4 Bd1 35. c4+ Kd4 36. Bh6 Be2 37. Bg7+ Ke4 38. Bh6 a6 39. Kc3
Bd1 40. Kb4 Kd3 41. a5 bxa5+ 42. Kxa5 Kxc4 43. Kxa6 Kd4 44. Kb6 Ke4 45. Kc6 Kf3
46. Kd6 Kg4 47. Bg5 h6 48. Bxh6 Kxh4 {Normal} 1/2-1/2

[Event "Rated Blitz game"]
[Site "?"]
[Date "2021.11.26"]
[Round "?"]
[White "gorlee2013"]
[Black "YAKAY26"]
[Result "0-1"]
[WhiteElo "2508"]
[BlackElo "2439"]
[PlyCount "66"]
[EventDate "2021.??.??"]
[EventType "blitz"]

1. e4 e5 2. Nf3 d5 3. exd5 e4 4. Nd4 Qxd5 5. Nb3 Nf6 6. Nc3 Qe5 7. Be2 Nc6 8.
d4 exd3 9. cxd3 Bd6 10. d4 Qe7 11. O-O O-O 12. Bf3 Bf5 13. Bg5 h6 14. Nd5 Qd8
15. Nxf6+ gxf6 16. Bxh6 Re8 17. Bxc6 bxc6 18. Qf3 Bg6 19. Qxc6 f5 20. g3 f4 21.
Rfe1 Rxe1+ 22. Rxe1 fxg3 23. hxg3 Rb8 24. Nc5 Kh7 25. Qh1 Kg8 26. Nb7 Qf6 27.
Nxd6 cxd6 28. Bf4 Qxd4 29. Qh6 a5 30. Bd2 Qg7 31. Qe3 Qxb2 32. Bc3 Qc2 33. Qh6
Qxc3 {Normal} 0-1

[Event "Rated Blitz game"]
[Site "?"]
[Date "2021.11.26"]
[Round "?"]
[White "TalMN32"]
[Black "mirekkk14"]
[Result "0-1"]
[WhiteElo "2471"]
[BlackElo "2400"]
[PlyCount "114"]
[EventDate "2021.??.??"]
[EventType "blitz"]

1. e4 e5 2. Nf3 d5 3. Nxe5 Bd6 4. d4 dxe4 5. Bc4 Bxe5 6. Qh5 Qe7 7. dxe5 Nc6 8.
Bb5 Bd7 9. Nc3 Qxe5 10. Qxe5+ Nxe5 11. Bxd7+ Nxd7 12. Nxe4 Ngf6 13. Nxf6+ Nxf6
14. Bf4 O-O-O 15. O-O Rhe8 16. Rfe1 Rxe1+ 17. Rxe1 Re8 18. Rxe8+ Nxe8 19. g4 g6
20. Kf1 Kd7 21. Ke2 c6 22. Kd3 a6 23. Kd4 Ke6 24. Kc5 Kd7 25. Kb6 Kc8 26. Be5
f6 27. Bf4 Ng7 28. f3 f5 29. h3 h5 30. Be5 Ne6 31. gxf5 gxf5 32. h4 Nf8 33. Bf4
Ng6 34. Bg5 Ne5 35. f4 Nc4+ 36. Kc5 Nxb2 37. Kd6 Nc4+ 38. Ke6 Ne3 39. c3 b5 40.
Bf6 c5 41. Be7 c4 42. Bc5 Ng2 43. Kxf5 Nxh4+ 44. Kg5 Ng2 45. f5 Kd7 46. f6 Ke6
47. Kg6 Nf4+ 48. Kg7 Kf5 49. Kf7 h4 50. Ke7 Nd5+ 51. Kd6 Nxf6 52. Bg1 Ne4+ 53.
Kc6 Nxc3 54. Kb6 b4 55. Kxa6 b3 56. axb3 cxb3 57. Ka5 b2 {Normal} 0-1

[Event "Rated Blitz game"]
[Site "?"]
[Date "2021.11.25"]
[Round "?"]
[White "Den_71"]
[Black "Lasker-on-speed"]
[Result "1-0"]
[WhiteElo "2523"]
[BlackElo "2433"]
[PlyCount "79"]
[EventDate "2021.??.??"]
[EventType "blitz"]

1. e4 e5 2. Nf3 d5 3. Nxe5 Bd6 4. d4 dxe4 5. Nc3 Bxe5 6. dxe5 Qxd1+ 7. Kxd1 Nc6
8. Bf4 Bf5 9. Bb5 O-O-O+ 10. Ke1 Nge7 11. Bg5 Rd4 12. a3 a6 13. Ba4 h6 14. Be3
Rdd8 15. Bc5 Ng6 16. Bxc6 bxc6 17. h3 Nxe5 18. Ke2 Nc4 19. Rhc1 Nxb2 20. Rab1
Nc4 21. Rb4 Nd6 22. Rcb1 Rhe8 23. Ra4 Nb5 24. Nxb5 axb5 25. Ra6 Kb7 26. Ra7+
Kb8 27. a4 Rd5 28. Be3 Bd7 29. c4 Rf5 30. g4 Rf3 31. Ra6 Rxh3 32. axb5 cxb5 33.
cxb5 Bxg4+ 34. Kd2 Rd8+ 35. Kc2 Bc8 36. Ra3 Rh5 37. b6 cxb6 38. Bxb6 Rd7 39.
Be3+ Rb7 40. Bf4+ {Normal} 1-0

[Event "Rated Blitz game"]
[Site "?"]
[Date "2021.11.25"]
[Round "?"]
[White "carlodoctolero"]
[Black "Annali-annaliew1979"]
[Result "0-1"]
[WhiteElo "2446"]
[BlackElo "2452"]
[PlyCount "104"]
[EventDate "2021.??.??"]
[EventType "blitz"]

1. e4 e5 2. Nf3 d5 3. exd5 e4 4. Ne5 Bd6 5. d4 Nf6 6. c4 b6 7. Nc3 h6 8. Be2
O-O 9. O-O Bf5 10. f4 exf3 11. Bxf3 Bh7 12. Bf4 Re8 13. Re1 Na6 14. a3 Rc8 15.
Bg3 Nb8 16. Qa4 a5 17. Bh4 g5 18. Bg3 Nfd7 19. Bg4 f5 20. Bh5 Rf8 21. Rad1 f4
22. Bf2 Bf5 23. h3 Nf6 24. Bf3 Qe8 25. Nc6 Nxc6 26. Rxe8 Rcxe8 27. Qxc6 Bd7 28.
c5 Bxc6 29. dxc6 bxc5 30. dxc5 Be5 31. Nb5 Rd8 32. Re1 Rfe8 33. Rb1 a4 34. Bd1
Ne4 35. Bxa4 Nxf2 36. Kxf2 Rd2+ 37. Kf3 Rxb2 38. Re1 Kf7 39. Re4 Re7 40. Rb4
Rxb4 41. axb4 Ke8 42. Bb3 Kd8 43. Bd5 Bb2 44. Be4 Bc1 45. Nc3 Bd2 46. Nd5 Re5
47. b5 Ba5 48. b6 cxb6 49. c7+ Kc8 50. cxb6 Bxb6 51. Nxb6+ Kxc7 52. Nc4 Rc5 {
Time forfeit} 0-1

[Event "Rated Blitz game"]
[Site "?"]
[Date "2021.11.25"]
[Round "?"]
[White "miguelsanchez65"]
[Black "Tengo1000cuentas"]
[Result "1-0"]
[WhiteElo "2469"]
[BlackElo "2332"]
[PlyCount "97"]
[EventDate "2021.??.??"]
[EventType "blitz"]

1. e4 e5 2. Nf3 d5 3. Nxe5 Nf6 4. d4 Nxe4 5. Bd3 Nd7 6. Nxf7 Kxf7 7. Qh5+ g6 8.
Qxd5+ Kg7 9. Qxe4 Bb4+ 10. c3 Re8 11. cxb4 Nf6 12. Qxe8 Qxe8+ 13. Be3 Nd5 14.
Kd2 Nxb4 15. Nc3 Nxd3 16. Kxd3 Bf5+ 17. Kd2 c5 18. Rhe1 Rd8 19. Bh6+ Kxh6 20.
Rxe8 Rxe8 21. dxc5 Rd8+ 22. Ke2 Bd3+ 23. Ke3 Bf5 24. Rd1 Re8+ 25. Kd4 Rd8+ 26.
Kc4 Rc8 27. b4 Be6+ 28. Kd3 b6 29. cxb6 axb6 30. a4 Rd8+ 31. Kc2 Rc8 32. Rd6
Bf5+ 33. Kb2 Rb8 34. f3 Kg7 35. g4 Bc8 36. Rd8 Kf7 37. Nd5 Ke6 38. Kc3 h6 39.
Nxb6 Rxb6 40. Rxc8 Rd6 41. a5 Rd1 42. Rc6+ Kd7 43. Rxg6 Rc1+ 44. Kb3 Rb1+ 45.
Ka4 Ra1+ 46. Kb5 Kc7 47. Rxh6 Kb7 48. Rh7+ Ka8 49. Kb6 {Normal} 1-0

[Event "Rated Blitz game"]
[Site "?"]
[Date "2021.11.25"]
[Round "?"]
[White "Apuwins"]
[Black "Schachelite"]
[Result "0-1"]
[WhiteElo "2453"]
[BlackElo "2483"]
[PlyCount "114"]
[EventDate "2021.??.??"]
[EventType "blitz"]

1. e4 e5 2. Nf3 d5 3. Nxe5 Bd6 4. d4 dxe4 5. Nc4 Nf6 6. Nc3 O-O 7. Bg5 Nc6 8.
Qd2 Bg4 9. h3 Bh5 10. g4 Bg6 11. O-O-O a6 12. Bg2 Re8 13. Nd5 Be7 14. Nxe7+
Qxe7 15. Rhe1 Rad8 16. c3 b5 17. Ne3 b4 18. h4 b3 19. a3 h6 20. Bf4 Nd5 21. Bg3
Nxe3 22. Rxe3 Na5 23. Qe2 Qe6 24. Bxc7 Nc4 25. Bxd8 Nxe3 26. Qxe3 Rxd8 27. Re1
Re8 28. Qf4 a5 29. Kd2 a4 30. f3 Qe7 31. h5 Bh7 32. fxe4 Qh4 33. Re2 Qd8 34. e5
Qd7 35. Be4 Bxe4 36. Qxe4 Qe7 37. Qf4 Qe6 38. Rf2 Re7 39. Qf5 Qa6 40. d5 Qc4
41. d6 Qd5+ 42. Qd3 Rxe5 43. Rf3 Qa8 44. d7 Rd5 45. Qxd5 Qxd5+ 46. Rd3 Qg5+ 47.
Ke2 Qd8 48. Rd4 Kf8 49. Kd3 Ke7 50. c4 g6 51. c5 gxh5 52. gxh5 f5 53. c6 f4 54.
c7 Qxc7 55. d8=Q+ Qxd8 56. Rxd8 Kxd8 57. Ke4 Ke7 {Time forfeit} 0-1

[Event "Rated Blitz game"]
[Site "?"]
[Date "2021.11.25"]
[Round "?"]
[White "chesssupersam"]
[Black "GrandMaitreBipolaire"]
[Result "1-0"]
[WhiteElo "2482"]
[BlackElo "2349"]
[PlyCount "33"]
[EventDate "2021.??.??"]
[EventType "blitz"]

1. e4 e5 2. Nf3 d5 3. Nxe5 Bd6 4. d4 Nc6 5. Nxc6 bxc6 6. e5 Bb4+ 7. c3 Be7 8.
Bd3 c5 9. O-O a5 10. Re1 cxd4 11. cxd4 Nh6 12. Bxh6 gxh6 13. Qh5 Bg5 14. e6 O-O
15. exf7+ Rxf7 16. Bxh7+ Kxh7 17. Qxf7+ {Normal} 1-0

[Event "Rated Blitz game"]
[Site "?"]
[Date "2021.11.25"]
[Round "?"]
[White "Gauthier2008"]
[Black "Sdjordje12345_s"]
[Result "0-1"]
[WhiteElo "2409"]
[BlackElo "2346"]
[PlyCount "30"]
[EventDate "2021.??.??"]
[EventType "blitz"]

1. e4 e5 2. Nf3 d5 3. exd5 e4 4. Qe2 Nf6 5. Nc3 Be7 6. Nxe4 O-O 7. d3 Re8 8.
Be3 Nxd5 9. O-O-O f5 10. Neg5 Nxe3 11. fxe3 Bf6 12. e4 Bxg5+ 13. Kb1 Nc6 14.
Qf2 fxe4 15. dxe4 Qxd1# {Normal} 0-1

[Event "Rated Blitz game"]
[Site "?"]
[Date "2021.11.25"]
[Round "?"]
[White "DiscoKnight"]
[Black "fuglfonix"]
[Result "1-0"]
[WhiteElo "2402"]
[BlackElo "2377"]
[PlyCount "89"]
[EventDate "2021.??.??"]
[EventType "blitz"]

1. e4 e5 2. Nf3 d5 3. Nxe5 Bd6 4. d4 dxe4 5. Nc4 Ne7 6. Nxd6+ cxd6 7. Nc3 f5 8.
d5 O-O 9. Bc4 Nd7 10. b4 Ne5 11. Bb3 N7g6 12. Qd4 Nh4 13. Ke2 Nxg2 14. Rg1 Nf3
15. Qd1 Nxg1+ 16. Qxg1 Nh4 17. Bg5 Qe8 18. Bxh4 Qh5+ 19. Kd2 Qxh4 20. Nb5 Rf6
21. Nc7 Rb8 22. Ne6 Bxe6 23. dxe6 Qf4+ 24. Kd1 Rg6 25. Qf1 Qf3+ 26. Kc1 Kf8 27.
Kb2 Re8 28. Qb5 Qxf2 29. Qd7 Qd4+ 30. Ka3 Qf6 31. Rd1 Qe7 32. Qb5 Rxe6 33.
Qxf5+ Rf6 34. Qd5 Qe6 35. Qxb7 Qe7 36. Qd5 Qe6 37. Qh5 Qf5 38. Qe2 e3 39. Qc4
Qe5 40. Qg8+ Ke7 41. Qxg7+ Kd8 42. Qxa7 Re7 43. Qb8+ Kd7 44. Qb7+ Ke8 45. Qc8#
{Normal} 1-0

[Event "Rated Blitz tournament IcQXMUtR"]
[Site "?"]
[Date "2021.11.25"]
[Round "?"]
[White "EspacioCreativo"]
[Black "DarthZannah"]
[Result "0-1"]
[WhiteElo "2279"]
[BlackElo "2598"]
[PlyCount "54"]
[EventDate "2021.??.??"]
[EventType "blitz"]

1. e4 e5 2. Nf3 d5 3. Nxe5 dxe4 4. d4 Nd7 5. Nc4 Nb6 6. Nxb6 axb6 7. Be3 Be6 8.
Nd2 f5 9. Nc4 Nf6 10. f3 Nd5 11. fxe4 fxe4 12. Qh5+ g6 13. Qe5 Qf6 14. Qxf6
Nxf6 15. Be2 Bg7 16. O-O Nd5 17. c3 b5 18. Ne5 Nxe3 19. Bxb5+ c6 20. Nxc6 bxc6
21. Bxc6+ Ke7 22. Bxa8 Nxf1 23. Bxe4 Nd2 24. Bd3 Nc4 25. b3 Nd6 26. Re1 Kd7 27.
Kf2 Rc8 {Normal} 0-1

[Event "Rated Blitz game"]
[Site "?"]
[Date "2021.11.25"]
[Round "?"]
[White "AndrsPalu"]
[Black "Glasauge72"]
[Result "0-1"]
[WhiteElo "2522"]
[BlackElo "2525"]
[PlyCount "120"]
[EventDate "2021.??.??"]
[EventType "blitz"]

1. e4 e5 2. Nf3 d5 3. d4 dxe4 4. Nxe5 Bd6 5. Nc4 Nf6 6. Nc3 O-O 7. Bg5 Nbd7 8.
Qd2 Qe8 9. Be2 a6 10. a4 b6 11. Nxd6 cxd6 12. Qf4 Qe6 13. O-O h6 14. Bh4 g5 15.
Bxg5 hxg5 16. Qxg5+ Kh8 17. f4 Nh7 18. Qh4 f5 19. b3 Ndf6 20. Rad1 d5 21. Rde1
Rg8 22. Nd1 Ng4 23. h3 Ngf6 24. Ne3 Bd7 25. c4 b5 26. cxd5 Nxd5 27. Qf2 Nxe3
28. Qxe3 Nf6 29. axb5 Bxb5 30. d5 Qxd5 31. Qc3 Qe6 32. Bxb5 axb5 33. Ra1 Rxa1
34. Rxa1 Kh7 35. Ra7+ Rg7 36. Ra8 e3 37. Qe1 e2 38. Qh4+ Kg6 39. Ra1 Qe3+ 40.
Kh2 Re7 41. Qg5+ Kf7 42. Qxf5 e1=Q 43. Rxe1 Qxe1 44. Qxb5 Qe4 45. Qg5 Nd5 46.
Qh5+ Ke6 47. Qg4+ Kd6 48. Qg8 Qxf4+ 49. Qg3 Qxg3+ 50. Kxg3 Re3+ 51. Kg4 Rxb3
52. g3 Ke6 53. h4 Kf6 54. Kh3 Kf5 55. Kg2 Kg4 56. Kf2 Rxg3 57. h5 Rh3 58. h6
Rxh6 59. Ke2 Rh3 60. Kd2 Re3 {Normal} 0-1

[Event "Rated Blitz tournament WTjxIWec"]
[Site "?"]
[Date "2021.11.25"]
[Round "?"]
[White "Brave_spirit12"]
[Black "Secret2700"]
[Result "0-1"]
[WhiteElo "2424"]
[BlackElo "2476"]
[PlyCount "52"]
[EventDate "2021.??.??"]
[EventType "blitz"]

1. e4 e5 2. Nf3 d5 3. d4 dxe4 4. Nxe5 Bd6 5. Nc4 Nf6 6. Ne3 O-O 7. c4 Nc6 8.
Nc3 Re8 9. Be2 h6 10. d5 Ne5 11. O-O b6 12. a3 a5 13. Rb1 Qe7 14. Nb5 Bc5 15.
Bd2 Bxe3 16. Bxe3 Nfg4 17. h3 Nxe3 18. fxe3 Qg5 19. Nxc7 Bxh3 20. Rf2 Qxe3 21.
Nxa8 Bxg2 22. Kxg2 f5 23. Rxf5 Ng6 24. Bh5 Nh4+ 25. Kh2 Nxf5 26. Bxe8 Qf2+ {
Normal} 0-1

[Event "Rated Blitz game"]
[Site "?"]
[Date "2021.11.25"]
[Round "?"]
[White "Rookie1243"]
[Black "Sdjordje12345_s"]
[Result "0-1"]
[WhiteElo "2440"]
[BlackElo "2339"]
[PlyCount "88"]
[EventDate "2021.??.??"]
[EventType "blitz"]

1. e4 e5 2. Nf3 d5 3. exd5 e4 4. Qe2 Nf6 5. d3 Bb4+ 6. c3 O-O 7. dxe4 Bc5 8.
Bg5 Re8 9. Nbd2 Bf5 10. O-O-O Nbd7 11. Qc4 h6 12. Bxf6 Qxf6 13. Bd3 Bg6 14.
Rhf1 b6 15. Rde1 b5 16. Qxb5 Qe7 17. Nb3 Bd6 18. Kb1 Reb8 19. Qc6 f6 20. Bc2
Be8 21. Qc4 a5 22. Qd3 a4 23. Nbd4 Nc5 24. Qd2 Bb5 25. Nxb5 Rxb5 26. Nd4 Rb6
27. Nf5 Qd7 28. Ka1 Rab8 29. Rb1 Nb3+ 30. axb3 axb3 31. Bxb3 Rxb3 32. Rbd1 Ba3
33. Nd4 Bxb2+ 34. Kb1 Bxc3+ 35. Nxb3 Rxb3+ 36. Kc2 Bxd2 37. Kxb3 Qb5+ 38. Kc2
Bf4 39. g3 Qc4+ 40. Kb1 Be5 41. Rde1 Qc3 42. Re2 Qd3+ 43. Kc1 Qxe2 44. Rd1 Qb2#
{Normal} 0-1

[Event "Rated Blitz game"]
[Site "?"]
[Date "2021.11.25"]
[Round "?"]
[White "leva1958"]
[Black "Snowvaz"]
[Result "1-0"]
[WhiteElo "2670"]
[BlackElo "2484"]
[PlyCount "69"]
[EventDate "2021.??.??"]
[EventType "blitz"]

1. e4 e5 2. Nf3 d5 3. d4 dxe4 4. Nxe5 Bd6 5. Nc3 Bxe5 6. dxe5 Qxd1+ 7. Kxd1 Bf5
8. Bf4 Nc6 9. Bb5 O-O-O+ 10. Kc1 Nd4 11. Bc4 Bg6 12. Re1 f5 13. Bg5 Re8 14. Rd1
c5 15. b4 Rxe5 16. bxc5 Nc6 17. Nd5 Nh6 18. Bf4 Ree8 19. Bxh6 gxh6 20. Nf4 Re5
21. Rd5 Rxd5 22. Bxd5 Rd8 23. Kb2 Ne5 24. h3 Kc7 25. Rd1 Be8 26. Ne6+ Kc8 27.
Nxd8 Kxd8 28. Bxe4+ Ke7 29. Bd5 Bc6 30. f4 Bxd5 31. Rxd5 Nc4+ 32. Kc3 Na3 33.
Rxf5 Nb5+ 34. Kc4 a6 35. Rh5 {Normal} 1-0

[Event "Rated Blitz game"]
[Site "?"]
[Date "2021.11.25"]
[Round "?"]
[White "Satscho"]
[Black "Mrkool1_2020"]
[Result "0-1"]
[WhiteElo "2493"]
[BlackElo "2334"]
[PlyCount "74"]
[EventDate "2021.??.??"]
[EventType "blitz"]

1. e4 e5 2. Nf3 d5 3. exd5 e4 4. Ne5 Qxd5 5. d4 exd3 6. Nxd3 Nf6 7. Nc3 Qf5 8.
Be2 Bd6 9. O-O Nc6 10. Re1 O-O 11. Bf3 Be6 12. Bxc6 bxc6 13. h3 Rfd8 14. Qe2
Bc4 15. b3 Ba6 16. Bb2 c5 17. Rad1 Bb7 18. Ne5 Qg5 19. f3 Re8 20. Na4 Nh5 21.
Qd2 Qg3 22. Ng4 Nf4 23. Kf1 Nxh3 24. gxh3 Qxf3+ 25. Kg1 Qh1+ 26. Kf2 Qh2+ 27.
Kf1 Qxh3+ 28. Kg1 Qxg4+ 29. Kf1 Qh3+ 30. Kg1 Qh1+ 31. Kf2 Qh2+ 32. Kf1 Rxe1+
33. Kxe1 Qg1+ 34. Ke2 Re8+ 35. Kd3 Qg3+ 36. Kc4 Ba6+ 37. Kd5 Qf3# {Normal} 0-1

[Event "Rated Blitz game"]
[Site "?"]
[Date "2021.11.25"]
[Round "?"]
[White "Rapecci"]
[Black "Lasker-on-speed"]
[Result "1-0"]
[WhiteElo "2342"]
[BlackElo "2424"]
[PlyCount "61"]
[EventDate "2021.??.??"]
[EventType "blitz"]

1. e4 e5 2. Nf3 d5 3. d4 dxe4 4. Nxe5 Bd6 5. Nc4 Nf6 6. Be2 O-O 7. O-O Nc6 8.
c3 Re8 9. Be3 Nd5 10. Nxd6 Qxd6 11. Nd2 f5 12. g3 f4 13. gxf4 Nxf4 14. Bc4+ Kh8
15. Kh1 Bf5 16. Rg1 Na5 17. Bf1 Re6 18. b4 Rh6 19. Rg3 Rf8 20. bxa5 Rh4 21. Bc4
Qh6 22. Qg1 Bh3 23. Bf1 Bxf1 24. Rxf1 Qh5 25. Rg5 Rxh2+ 26. Qxh2 Qxg5 27. Rg1
Qf5 28. Qg3 Qh5+ 29. Qh2 Nh3 30. Rg3 Qd1+ 31. Kg2 {Time forfeit} 1-0

[Event "Rated Blitz game"]
[Site "?"]
[Date "2021.11.25"]
[Round "?"]
[White "Landau96"]
[Black "JHuNNx76"]
[Result "0-1"]
[WhiteElo "2419"]
[BlackElo "2361"]
[PlyCount "34"]
[EventDate "2021.??.??"]
[EventType "blitz"]

1. e4 e5 2. Nf3 d5 3. Nxe5 dxe4 4. d4 Bd6 5. Nc4 Nc6 6. Ne3 f5 7. Bc4 Nf6 8.
Bb3 Qe7 9. c3 Bd7 10. O-O O-O-O 11. f4 exf3 12. Qxf3 g6 13. Na3 f4 14. Nec4 g5
15. Nxd6+ Qxd6 16. Nb5 Qe7 17. Re1 Qxe1+ {Normal} 0-1

[Event "Rated Blitz game"]
[Site "?"]
[Date "2021.11.25"]
[Round "?"]
[White "liwadas82"]
[Black "ahoramahora"]
[Result "1-0"]
[WhiteElo "2431"]
[BlackElo "2358"]
[PlyCount "95"]
[EventDate "2021.??.??"]
[EventType "blitz"]

1. e4 e5 2. Nf3 d5 3. Nxe5 Bd6 4. d4 dxe4 5. Nc4 Nf6 6. Nxd6+ Qxd6 7. Be2 O-O
8. Be3 h6 9. Nc3 Rd8 10. Qd2 a6 11. O-O-O Nc6 12. g4 Bxg4 13. Rhg1 Bxe2 14.
Qxe2 Kf8 15. d5 Ne5 16. Bf4 Qe7 17. Nxe4 Nxe4 18. Qxe4 Ng6 19. Qxe7+ Nxe7 20.
Bxc7 Rxd5 21. Rxd5 Nxd5 22. Bd6+ Ke8 23. Rxg7 Rd8 24. Rg8+ Kd7 25. Rxd8+ Kxd8
26. c4 Nf6 27. f3 Kd7 28. Bf4 h5 29. Kd2 Ng8 30. Bg5 f6 31. Bh4 Ke6 32. Ke3 Ne7
33. Ke4 Nf5 34. Bf2 Nd6+ 35. Kd4 b6 36. b4 f5 37. Bg3 Ne8 38. Be5 h4 39. h3 Kd7
40. Kd5 a5 41. bxa5 bxa5 42. c5 Ke7 43. c6 Kd8 44. Ke6 Kc8 45. Kxf5 a4 46. Ke6
Nc7+ 47. Bxc7 Kxc7 48. Kd5 {Normal} 1-0

[Event "Rated Blitz game"]
[Site "?"]
[Date "2021.11.25"]
[Round "?"]
[White "io_11"]
[Black "ahoramahora"]
[Result "1-0"]
[WhiteElo "2442"]
[BlackElo "2351"]
[PlyCount "75"]
[EventDate "2021.??.??"]
[EventType "blitz"]

1. e4 e5 2. Nf3 d5 3. exd5 e4 4. Qe2 Nf6 5. Nc3 Be7 6. Nxe4 O-O 7. d3 Qxd5 8.
Nc3 Bb4 9. Qd2 Qa5 10. Be2 Nd5 11. a3 Bxc3 12. bxc3 Qxc3 13. Rb1 Re8 14. Rb3
Qxd2+ 15. Kxd2 Nc6 16. Bb2 b6 17. Nd4 Na5 18. Rb5 Bb7 19. Bf3 Rad8 20. Nf5 a6
21. Rxa5 bxa5 22. Bxg7 c6 23. Bd4 f6 24. Rb1 Bc8 25. Nh6+ Kg7 26. Ng4 Bxg4 27.
Bxg4 Kg6 28. Bf3 Re6 29. Rb7 Ne7 30. Bb6 Rc8 31. Bxa5 Nd5 32. c4 Nf4 33. g3 Nh3
34. Bg4 Rce8 35. Bxh3 Re2+ 36. Kc3 Rxf2 37. Bd7 Rg2 38. Bxe8+ {Time forfeit}
1-0

[Event "Rated Blitz game"]
[Site "?"]
[Date "2021.11.25"]
[Round "?"]
[White "Pangkoy_NSamar"]
[Black "Annali-annaliew1979"]
[Result "0-1"]
[WhiteElo "2443"]
[BlackElo "2450"]
[PlyCount "52"]
[EventDate "2021.??.??"]
[EventType "blitz"]

1. e4 e5 2. Nf3 d5 3. exd5 e4 4. Qe2 f5 5. d3 Nf6 6. dxe4 fxe4 7. Nc3 Be7 8.
Ng5 O-O 9. Ngxe4 Nxe4 10. Qxe4 Bf5 11. Qc4 Bd6 12. Bd3 Nd7 13. Bxf5 Rxf5 14.
Be3 a6 15. O-O-O b5 16. Qg4 Qf8 17. Ne4 Ne5 18. Qh3 Nc4 19. Nxd6 cxd6 20. b3
Nxe3 21. fxe3 Qf6 22. Kb1 Rf2 23. Rhg1 Re8 24. Rd3 Qg6 25. g4 Rc8 26. Rc1 Rcxc2
{Normal} 0-1

[Event "Rated Blitz game"]
[Site "?"]
[Date "2021.11.25"]
[Round "?"]
[White "druper"]
[Black "Roberto_Baggio1978"]
[Result "0-1"]
[WhiteElo "2518"]
[BlackElo "2572"]
[PlyCount "120"]
[EventDate "2021.??.??"]
[EventType "blitz"]

1. e4 e5 2. Nf3 d5 3. Nxe5 Bd6 4. d4 dxe4 5. Nc4 Nf6 6. Be2 O-O 7. Nxd6 Qxd6 8.
O-O Nc6 9. Be3 Ne7 10. c4 Nf5 11. Nc3 c6 12. Qd2 h5 13. Rad1 Re8 14. Bf4 Qe7
15. d5 cxd5 16. Nxd5 Nxd5 17. cxd5 Nd6 18. Bxh5 Bd7 19. Qb4 Nf5 20. Qxe7 Nxe7
21. Rfe1 Bf5 22. d6 Ng6 23. Bg3 Rad8 24. Rc1 Ne5 25. Bxe5 Rxe5 26. Red1 Be6 27.
Be2 Bxa2 28. d7 Be6 29. Rc7 Kf8 30. Rxb7 a5 31. h3 Ke7 32. Bb5 f5 33. Ba4 g5
34. Rb5 Rxb5 35. Bxb5 Bxd7 36. Bxd7 Rxd7 37. Rxd7+ Kxd7 38. g3 Ke6 39. Kf1 f4
40. Ke2 Kf5 41. b3 Ke5 42. gxf4+ Kxf4 43. Kd2 Kf3 44. Ke1 e3 45. fxe3 Kxe3 46.
Kf1 Kf3 47. Kg1 Kg3 48. Kf1 Kxh3 49. Kf2 Kg4 50. Ke3 Kf5 51. Kd4 Kf4 52. Kc5 g4
53. Kb5 g3 54. Kxa5 g2 55. b4 g1=Q 56. b5 Qb1 57. Ka6 Ke5 58. b6 Kd6 59. b7 Kc7
60. Ka7 Qxb7# {Normal} 0-1